| 000 | 00784nam a2200181Ia 4500 | ||
|---|---|---|---|
| 008 | 090630s9999 xx 000 0 und d | ||
| 082 | _b26875 | ||
| 100 | _aघाणेकर प्र. के. | ||
| 245 |
_aप्रतापगड महाबळेश्वर परिसर दर्शन. _cघाणेकर प्र. के. |
||
| 260 |
_bस्नेहल - पुणे 4. _c2003 |
||
| 300 | _a128 | ||
| 600 | _aघाणेकर प्र. के. | ||
| 630 | _aप्रतापगड महाबळेश्वर परिसर दर्शन. | ||
| 655 | _aप्रवास. | ||
| 700 | _aघाणेकर प्र. के. | ||
| 730 | _aप्रतापगड महाबळेश्वर परिसर दर्शन. | ||
| 942 | _cBOOK | ||
| 999 |
_c278731 _d278731 |
||